AĞAÇ OKUL (Record no. 665223)

MARC details
000 -LEADER
sabit uzunluktaki kontrol alanı 00238nam a2200097Ia 4500
001 - KONTROL NUMARASI
kontrol alanı 665223
005 - EN SON İŞLEMİN TARİH VE ZAMANI
kontrol alanı 20250826160246.0
008 - SABİT-UZUNLUKTA VERİ ÖĞELERİ--GENEL BİLGİ
sabit uzunluktaki kontrol alanı 250824s9999 xx 000 0 und d
245 #0 - ESER / YAZAR
ESER ADI AĞAÇ OKUL
Yazar Adı CAHİT ZARİFOĞLU
260 ## - YAYIN, DAĞITIM, VB.
YAYIN EVİ BEYAN YAYINLARI
Holdings
Düşüm durumu Kayıp durumu Hasar Durumu Ödünç verilmez Ana kütüphane Geçerli Kütüphane Edinilen tarih Toplam ödünç verme sayısı Barkod Son görüntüleme tarihi Fiyatın geçerli olmaya başladığı tarih Koha materyal türü
        SIRAÇ AYDIN TAŞBAŞ İLKOKULU SIRAÇ AYDIN TAŞBAŞ İLKOKULU 24.08.2025   10132362 26.08.2025 26.08.2025 Books